Εγκόλπιο του νέου δασκάλου
Αποθηκεύτηκε σε:
| Κύριος συγγραφέας: | |
|---|---|
| Μορφή: | Βιβλίο |
| Γλώσσα: | Greek |
| Δημοσίευση: |
Αθήναι :
[χ.ό.],
1951
|
| Θέματα: | |
| Ετικέτες: |
Προσθήκη ετικέτας
Δεν υπάρχουν, Καταχωρήστε ετικέτα πρώτοι!
|
MARC
| LEADER | 00000cam a2200000 i 4500 | ||
|---|---|---|---|
| 001 | 1/97817 | ||
| 008 | 081121s1951 gre d | ||
| 035 | |l 10101860 | ||
| 040 | |a GR-MY-UA |b gre |e aacr | ||
| 041 | 0 | |a gre | |
| 082 | 0 | |a 370.711 |2 (22) | |
| 100 | 1 | |a Ζομπανάκης, Γεώργιος Γ., |d 1882-1972. | |
| 245 | 1 | 0 | |a Εγκόλπιο του νέου δασκάλου / |c Γεωργίου Γ. Ζομπανάκη |
| 260 | |a Αθήναι : |b [χ.ό.], |c 1951 | ||
| 300 | |a 61 σ.; |c 20 εκ. | ||
| 650 | 0 | 0 | |a Teachers |x Training of |z Greece. |
| 650 | 0 | 0 | |a Teaching |z Greece. |
| 650 | 0 | 0 | |a Student teaching. |
| 852 | |a INST |b RHODES |c AKA |e 20081121 |h 370.711 ΖΟΜ |p 005400031387 |q 005400031387 |t BK |y 0 | ||
| 901 | |a BIBL4-2008-3 | ||
| 909 | |a Ρ |b 153682 | ||
| 970 | |a ΧΑΡΙΟΠΟΛΙΤΟΥ |b ΚΩΝΣΤΑΝΤΙΝΑ |z 2008/11/21 | ||